Ako podnikať
Z obsahu: Daň z kvetov a predpísané rozmery slnečníkov. Prebujnená byrokracia a nezmyselné nariadenia strpčujú život majiteľom hotelov, reštaurácií a kaviarní. Efektívny predajca - odborné výrazy. Poradenstvo. Odpovede na otázky čitateľov Trendu.
Salvato in:
| Natura: | Capitolo di libro |
|---|---|
| Lingua: | slovacco |
| Soggetti: | |
| Tags: |
Nessun Tag, puoi essere il primo ad aggiungerne!!
|
MARC
| LEADER | 00000naa$a2200000$$$4500 | ||
|---|---|---|---|
| 001 | 0045942 | ||
| 005 | 20231009083721.0 | ||
| 041 | 0 | |a slo | |
| 044 | |a SK | ||
| 245 | 1 | 0 | |a Ako podnikať |
| 520 | |a Z obsahu: Daň z kvetov a predpísané rozmery slnečníkov. Prebujnená byrokracia a nezmyselné nariadenia strpčujú život majiteľom hotelov, reštaurácií a kaviarní. Efektívny predajca - odborné výrazy. Poradenstvo. Odpovede na otázky čitateľov Trendu. | ||
| 610 | 2 | 0 | |a podnikanie |
| 610 | 2 | 0 | |a hotely |
| 610 | 2 | 0 | |a reštaurácie |
| 610 | 2 | 0 | |a kaviarne |
| 610 | 2 | 0 | |a byrokracia |
| 610 | 2 | 0 | |a predpisy |
| 610 | 2 | 0 | |a predajcovia |
| 610 | 2 | 0 | |a poradenstvo |